Succinct Clichés (US) Quiz Stats

 Plays Quiz Updated Sep 14, 2013

Support Sporcle.
Go Orange.
Score 0/30 Timer 04:00
0 Plays Today
% Correct
No pain,
99.1%
Mi casa
98.9%
Never say
98.6%
Think outside of
98.5%
Neither here
98.4%
Go the extra
98.3%
There's no ''i''
98%
Opposites
98%
You snooze,
97.8%
Sink
97.4%
Mind over
97.2%
No way,
97.1%
Get a
96.9%
Spoiler
96.7%
Cut to
96.5%
% Correct
Bring your
96.3%
Take it to
96.2%
Pick your
95.9%
No harm,
95.9%
Bite
95.7%
Step up to
95.5%
Kick it up
95.1%
Dressed
95%
The buck
93.4%
It's all
92.7%
You go,
92.3%
Man
91.8%
No worse
91.1%
All over
87.9%
Back to
87.8%

You're not logged in!

Compare scores with friends on all Sporcle quizzes.
OR
Log In

From the Vault

Continents by Number of Countries

by nba2439

Spin your globe and get this right.
Remove Ads.
Support Sporcle.
Get the best of Sporcle when you Go Orange. This ad-free experience offers more features, more stats, and more fun while also helping to support Sporcle. Thank you for becoming a member.

Show Comments

Extras

Top Quizzes Today


Score Distribution

Your Account Isn't Verified!

In order to create a playlist on Sporcle, you need to verify the email address you used during registration. Go to your Sporcle Settings to finish the process.

Report this User

Report this user for behavior that violates our Community Guidelines.

Details: